000 00288nam a22001337a 4500
008 181217b xxu||||| |||| 00| 0 eng d
020 _a9780558127343
041 _aeng
080 _a573
100 _a11
101 _aBIO
245 _aBiological Science
_cFreeman,S
942 _2udc
_cBK
999 _c53170
_d53170